| 000 | 01112cam a2200289 a 4500 | ||
|---|---|---|---|
| 999 |
_c10490 _d10490 |
||
| 001 | 3071088 | ||
| 003 | OSt | ||
| 005 | 20210224154648.0 | ||
| 008 | 970528s1997 ilua b 001 0 eng | ||
| 010 | _a 97023617 | ||
| 020 | _a084230889X (alk. paper) | ||
| 040 |
_aDLC _cDLC _dDLC |
||
| 050 | 0 | 0 |
_aRJ61 _bR378F |
| 082 | 0 | 0 |
_a618.92 _221 _bR378F |
| 100 | 1 | _aReisser, Paul C. | |
| 245 | 1 | 4 |
_aThe Focus on the Family complete book of baby & child care / _cThe Focus on the Family Physicians Resource Council ; primary author, Paul C. Reisser. |
| 260 |
_aWheaton, Ill. : _bTyndale House Publishers, _cc1997. |
||
| 300 |
_a855 p. : _bill. (some col.) ; _c24 cm. |
||
| 504 | _aIncludes bibliographical references (p. [827]-840) and index. | ||
| 650 | 0 |
_aPediatrics _xPopular works. |
|
| 650 | 0 | _aChild care. | |
| 650 | 0 | _aChild development. | |
| 710 | 2 | _aFocus on the Family Physicians Resource Council. | |
| 906 |
_a7 _bcbc _corignew _d1 _eocip _f19 _gy-gencatlg |
||
| 942 |
_2ddc _cBK |
||